| 000 | 00612nam a2200229Ia 4500 | ||
|---|---|---|---|
| 003 | 0100 | ||
| 008 | 130303s9999 xx 000 0 und d | ||
| 040 | _cARRUPELIB | ||
| 050 | _aD395.G5813 1969 | ||
| 100 | _aGollwitzer, Heinz | ||
| 245 | _aEurope in the age of imperialism 1880-1914 | ||
| 260 | _aNew York | ||
| 260 | _bW. W. Norton And Company | ||
| 260 | _C1969 | ||
| 300 | _a216p. | ||
| 300 | _b 22cm. | ||
| 440 | _aLibrary of world civilization | ||
| 650 | _bReligious fiction, American | ||
| 650 | _cEnglish fiction-Irish authors | ||
| 650 | _dBelief and doubt-fiction. | ||
| 942 |
_2lcc _01 |
||
| 999 |
_c61954 _d61954 |
||